000 00549cam a2200169 a 4500
001 000012975
005 20200929163119.0
008 890429s1976 ve 000 0bspa
040 _aDO-SdBNP
_bspa
_dBNPHU
082 _a365.33
_bF825c
100 1 _aFranco, Yon Calletano.
_929917
245 1 0 _aCárcel Modelo :
_bmáxima seguridad /
_cYon Calletano Franco.
260 _aCaracas, Venezuela :
_bGarbizu & Todtmann,
_c1976.
300 _a222 p. ;
_c19 cm.
650 4 _aPrisiones
_zVenezuela
_929918
610 2 0 _aCarcel Modelo (Caracas, Venezuela)
_929919
999 _c12622
_d12622